| 000 | 00713nam a22001577a 4500 | ||
|---|---|---|---|
| 008 | 100622s1987Ua|||||r|||| 000 0 ara d | ||
| 082 |
_222 _a214.32 _bغ ز ا |
||
| 100 |
_915045 _aالغزالي، محمد |
||
| 245 |
_aالإسلام في وجه الزحف الأحمر / _cمحمد الغزالي |
||
| 260 |
_aالقاهرة : _bدار الريان للتراث ، _c1987 |
||
| 300 |
_a195ص ؛ _c24 سم |
||
| 500 | _aإهداء: علاء عبد الغني | ||
| 650 |
_915046 _aالإسلام والشيوعية |
||
| 942 |
_2ddc _cBB |
||
| 999 |
_c14159 _d14159 |
||